000 00566nam a2200229Ia 4500
003 OSt
005 20221005131637.0
006 a|||||r|||| 00| 0
007 ta
008 221004b |||||||| |||| 00| 0 eng d
024 _a39972
037 _cTextual
040 _aCRL
_cCRL
_beng
041 _2eng
_aeng
082 _aO:3N271:3, K3
100 _aNaipaul V S
245 0 _aStone and the Knights companion
260 _c1963
650 _aENGLISH LITERATURE
942 _hO:3N271:3, K3
_cTEXL
_2cc
999 _c1061007
_d1061007